000 00711nam a22002055i 4500
001 170233
003 ES-MaACL
005 20250520195912.0
008 090216s1906 fr |||| | fre d
080 _a782.1
100 0 _aMendès, Catulle.
_980102
245 1 0 _aAriane
_b: opéra en cinq actes /
_cCatulle Mendès ; musique de J. Massenet.
260 _aParis :
_bHeugel et Cie.,
_c1906.
300 _a108 p. ;
_c18 cm.
650 1 4 _aÓperas-
_vLibretos.
_9137584
700 1 _aMassenet, Jules,
_d1842-1912
_9240595
852 _aES-MaACL
_j2247-F-27
_z.- Biblioteca Jacinto Martínez Lacalle
852 4 _aES-MaACL
_jE-12666
_z. - Biblioteca Jacinto Martínez Lacalle
999 _c170233
_d170233